000 00164nam a2200073Ia 4500
008 170620s9999 xx 000 0 und d
100 _aPandey
245 0 _aTEACHING OF MATHGMATICS
260 _bOMEGA
999 _c26697
_d26697